MARC details
| 000 -BAŞLIK |
| Sabit Uzunluktaki Kontrol Alanı |
02027nam a22004937a 4500 |
| 001 - KONTROL NUMARASI |
| Control Dosyası |
0048177 |
| 003 - KONTROL NUMARASI KİMLİĞİ |
| Kontrol Alanı |
KOHA_MİRAKIL |
| 005 - EN SON İŞLEM TARİHİ ve ZAMANI |
| Kontrol Alanı |
20260207003611.0 |
| 007 - FİZİKSEL TANIM SABİT ALAN - GENEL BİLGİ |
| Sabit uzunluklu kontrol alanı |
ta |
| 008 - SABİT UZUNLUKTAKİ VERİ ÖGELERİ - GENEL BİLGİ |
| Sabit Alan |
150429b2009 tu |||gr||||#||||0|tur | |
| 020 ## - ISBN - ULUSLARARASI STANDART KİTAP NUMARASI |
| Isbn |
9789758046652 |
| 040 ## - KATALOGLAMA KAYNAĞI |
| Özgün Kataloglama Kurumu |
TR-BiSEU |
| Kataloglama Dili |
tur |
| Çeviri Kurumu |
TR-BiSEU |
| Açıklama Kuralları |
rda |
| 041 0# - DİL KODU |
| Metin ya da ses kaydının dil kodu |
tur |
| 044 ## - YAYINLAYAN/ÜRETEN KURULUŞUN ÜLKE KODU |
| ISO country code |
tu |
| 050 ## - SINIFLAMA ve YER NUMARASI |
| Sınıflama Numarası |
HD1289 |
| Yer Numarası |
.Y56 2009 |
| 100 1# - KİŞİ ADI |
| Yazar Adı (Kişi adı) |
Yinanç, Rafet. |
| 245 1# - ESER ADI BİLDİRİMİ |
| Başlık |
Kayseri ili tahrir defterleri : |
| Alt Eseradı vb. |
değerlendirme Kayseri livası transkripsiyonu / |
| Sorumluluk Bildirimi |
Rafet Yinanç ; Rafet Yinanç, Mesut Elibüyük. |
| 264 #1 - ÜRERİM, YAYIN, DAĞITIM ve TELİF BİLDİRİMİ |
| Yayın yeri |
Kayseri : |
| Yayınlayan |
Kayseri Büyükşehir Belediyesi |
| Yayın tarihi |
2009 |
| 300 ## - FİZİKSEL TANIMLAMA |
| Sayfa, Cilt vb. |
491 sayfa ; |
| Boyutları |
29 cm. |
| 336 ## - İÇERİK TÜRÜ |
| Content type term |
metin |
| Content type code |
txt |
| Source |
rdacontent |
| 337 ## - MEDYA TÜRÜ |
| Media type term |
aracısız |
| Media type code |
n |
| Source |
rdamedia |
| 338 ## - TAŞIYICI TÜRÜ |
| Carrier type term |
cilt |
| Carrier type code |
nc |
| Source |
rdacarrier |
| 490 1# - DİZİ BİLDİRİMİ |
| Dizi Bildirimi |
Kayseri Büyükşehir Belediyesi Kültür yayınları yayın no ; |
| Cilt Numarası |
65 |
| 650 #0 - KONU BAŞLIĞI EK GİRİŞ - KONU TERİMİ |
| Konusal terim veya coğrafi ad |
Arazi--Türkiye--Tarih--Kaynaklar. |
| 9 (RLIN) |
57843 |
| 650 #0 - KONU BAŞLIĞI EK GİRİŞ - KONU TERİMİ |
| Konusal terim veya coğrafi ad |
Kadastrolar--Türkiye--Kayseri. |
| 9 (RLIN) |
88508 |
| 650 #0 - KONU BAŞLIĞI EK GİRİŞ - KONU TERİMİ |
| Konusal terim veya coğrafi ad |
Arazi değeri vergilendirme--Türkiye--Kayseri. |
| 9 (RLIN) |
57845 |
| 650 #0 - KONU BAŞLIĞI EK GİRİŞ - KONU TERİMİ |
| Konusal terim veya coğrafi ad |
Emlak vergisi--Türkiye--Kayseri. |
| 9 (RLIN) |
57846 |
| 650 #0 - KONU BAŞLIĞI EK GİRİŞ - KONU TERİMİ |
| Konusal terim veya coğrafi ad |
Nüfus--Kayseri (Türkiye)--Tarih. |
| 9 (RLIN) |
57847 |
| 650 #0 - KONU BAŞLIĞI EK GİRİŞ - KONU TERİMİ |
| Konusal terim veya coğrafi ad |
Yerel yönetim--Türkiye--Archives. |
| 9 (RLIN) |
57848 |
| 650 #0 - KONU BAŞLIĞI EK GİRİŞ - KONU TERİMİ |
| Konusal terim veya coğrafi ad |
Yerel yönetim--Türkiye--Kayseri. |
| 9 (RLIN) |
57849 |
| 650 #0 - KONU BAŞLIĞI EK GİRİŞ - KONU TERİMİ |
| Konusal terim veya coğrafi ad |
Maliye, Kamu--Türkiye--Tarih. |
| 9 (RLIN) |
57850 |
| 650 #0 - KONU BAŞLIĞI EK GİRİŞ - KONU TERİMİ |
| Konusal terim veya coğrafi ad |
Kayseri (Türkiye)--Tarih--Kaynaklar. |
| 9 (RLIN) |
57701 |
| 650 #0 - KONU BAŞLIĞI EK GİRİŞ - KONU TERİMİ |
| Konusal terim veya coğrafi ad |
Land tenure--Turkey--History--Sources. |
| 9 (RLIN) |
43990 |
| 650 #0 - KONU BAŞLIĞI EK GİRİŞ - KONU TERİMİ |
| Konusal terim veya coğrafi ad |
Cadastres--Turkey--Kayseri. |
| 9 (RLIN) |
57852 |
| 650 #0 - KONU BAŞLIĞI EK GİRİŞ - KONU TERİMİ |
| Konusal terim veya coğrafi ad |
Land value taxation--Turkey--Kayseri. |
| 9 (RLIN) |
57853 |
| 650 #0 - KONU BAŞLIĞI EK GİRİŞ - KONU TERİMİ |
| Konusal terim veya coğrafi ad |
Real property tax--Turkey--Kayseri. |
| 9 (RLIN) |
57854 |
| 650 #0 - KONU BAŞLIĞI EK GİRİŞ - KONU TERİMİ |
| Konusal terim veya coğrafi ad |
Population--Kayseri (Turkey)--History. |
| 9 (RLIN) |
57855 |
| 650 #0 - KONU BAŞLIĞI EK GİRİŞ - KONU TERİMİ |
| Konusal terim veya coğrafi ad |
Local government--Turkey--Archives. |
| 9 (RLIN) |
57856 |
| 650 #0 - KONU BAŞLIĞI EK GİRİŞ - KONU TERİMİ |
| Konusal terim veya coğrafi ad |
Local government |
| Genel Alt Konu |
Turkey |
| -- |
Kayseri. |
| 9 (RLIN) |
88509 |
| 650 #0 - KONU BAŞLIĞI EK GİRİŞ - KONU TERİMİ |
| Konusal terim veya coğrafi ad |
Finance, Public |
| Genel Alt Konu |
Turkey |
| -- |
History. |
| 9 (RLIN) |
88510 |
| 650 #0 - KONU BAŞLIĞI EK GİRİŞ - KONU TERİMİ |
| Konusal terim veya coğrafi ad |
Kayseri (Turkey) |
| Genel Alt Konu |
History |
| -- |
Sources. |
| 9 (RLIN) |
88511 |
| 830 1# - SERİ EK GİRİŞİ - TEKBİÇİM ESER ADI |
| Tekbiçim Başlık |
Kayseri Büyükşehir Belediyesi Kültür yayınları yayın no ; |
| Volume number/sequential designation |
65 |
| 9 (RLIN) |
88512 |
| 942 ## - EK GİRİŞ ÖGELERİ (KOHA) |
| Source of classification or shelving scheme |
Library of Congress Classification |
| Koha item type |
Book |